| 000 | 00622pam a2200229 a 4500 | ||
|---|---|---|---|
| 001 | 2387206 | ||
| 005 | 20180213065350.0 | ||
| 008 | 850807s1986 caua b 000 0 eng | ||
| 010 | _a 85019581 | ||
| 020 | _a0803925476 | ||
| 020 | _a0803925484 (pbk.) | ||
| 040 |
_aDLC _cDLC _dDLC |
||
| 041 | _aeng | ||
| 080 | _a305.26 MAR | ||
| 082 | 0 | 0 |
_a305.26 MAR _219 |
| 100 | _a50 | ||
| 101 | _aSOC | ||
| 245 | 0 | 0 |
_aLater life : _cedited by Victor W. Marshall. |
| 504 | _aIncludes bibliographies and indexes. | ||
| 906 |
_a7 _bcbc _corignew _d1 _eocip _f19 _gy-gencatlg |
||
| 942 |
_2ddc _cBK |
||
| 999 |
_c42374 _d42374 |
||